| 000 | 00956cab a2200277 4500 | ||
|---|---|---|---|
| 001 | WB3333-55 | ||
| 008 | 090401t1997 xxu||||| |||| 00| 0 eng d | ||
| 035 | _a(Sirsi) u80492 | ||
| 041 | _aeng | ||
| 245 | _aHambro Countrywide rises 88% | ||
| 260 | _c1997 | ||
| 350 | _a0 | ||
| 490 |
_aFinancial Times _v27 August 1997, 15&17 |
||
| 490 |
_aTimes _v27 August 1997, 25 |
||
| 490 |
_aGuardian _v27 August 1997, 18(3) |
||
| 520 | _aHambro Countrywide realised a one-off gain of £7.4m in its interim results after changing the way its life assurance fund is valued. It is coming into conflict with the Law Society over its plans to open conveyancing centres. | ||
| 650 | _aCONVEYANCING CNETRES | ||
| 650 | _aCONVEYANCING | ||
| 650 | _aHAMBRO COUNTRYWIDE | ||
| 650 | _aLAW SOCIETY | ||
| 650 | _aLIFE ASSURANCE FUND | ||
| 650 | _aRESULTS | ||
| 690 | _aMANAGEMENT-BUSINESS MANAGEMENT-PROFESSIONAL PRACTICE | ||
| 942 | _n0 | ||
| 948 | _c27/08/1997 | ||
| 999 |
_c50684 _d50684 |
||